Pro League Logo Quiz - Statistieken

Algemene statistieken
  • Deze quiz is 121 keer genomen
  • De gemiddelde score is 12 van 16
Antwoordstatistieken
Foto Antwoord % Correct
Club Brugge
98%
KRC Genk
96%
Antwerp FC
86%
KAA Gent
86%
KV Mechelen
82%
Union SG
82%
Standard de Liège
81%
Cercle Brugge
78%
Charleroi
77%
OHL
75%
KVC Westerlo
71%
KV Kortrijk
69%
KAS Eupen
66%
RSC Anderlecht
62%
STVV
62%
RWDM
51%
Geen overeenkomende quizzen gevonden
Scoreverdeling
Procent van Mensen met Elke Score
Percentiel versus Aantal Correcte Antwoorden
Uw Scoregeschiedenis
U heeft deze quiz nog niet genomen